Statistics for Countries based on Emojis

Click here to take the quiz!

General Stats

  • This quiz has been taken 64 times
  • The average score is 11 of 13

Answer Stats

EmojisAnswer% Correct
๐Ÿโœโ›ฐ๐Ÿ•Italy
100%
๐Ÿ๐ŸŒฒโ„๐ŸปCanada
97%
๐ŸŒฎ๐Ÿ’ƒ๐Ÿฆ‚๐ŸŒถMexico
97%
๐Ÿ—ฝ๐ŸŸ๐Ÿ”๐Ÿ’ตUSA
97%
๐Ÿจ๐Ÿโ›ฑ๐Ÿ„Australia
95%
๐Ÿผ๐ŸŽ‹๐Ÿต๐Ÿš„China
95%
๐Ÿง€โœ๐Ÿท๐Ÿ“France
90%
๐Ÿ‘˜๐Ÿš„๐Ÿ—ผ๐Ÿ—ปJapan
90%
๐Ÿช๐Ÿœโ˜ช๐Ÿ•‰Egypt
81%
๐Ÿป๐ŸŒฒ๐ŸŒฌโ˜ฆRussia
74%
๐Ÿ”โ›ทโœ๐ŸŒฒSwitzerland
68%
๐Ÿ‘โ„๐ŸŒ‹๐ŸŸIceland
66%
๐Ÿ‰๐ŸŒ๐Ÿ‘๐ŸŒฒScotland
32%

Score Distribution

Percentile by Number Answered

Percent of People with Each Score

Your Score History

You have not taken this quiz